000 01353nam a2200361 ia4500
003 OSt
005 20260426123944.0
008 260426t20252025nyua cr 000 1 eng d
020 _a9780593699164
_cRM 36.95
_qpaperback
040 _aPPAK
_beng
_cPPAK
_erda
082 0 4 _223
_a813.6
090 0 0 _a813.6
_bSAF
_dK
100 1 _aSafadi, Shifa Saltagi,
_eauthor.
245 1 0 _aAmina Banana :
_bAND THE FORMULA FOR WINNING /
_cShifa Saltagi Safadi ; ILLUSTRATED BY Aaliya Jaleel.
264 1 _aNew York :
_bG.P. Putnam's Sons,
_c2025
264 4 _c©2025
300 _a112 pages :
_billustrations ;
_c20 cm
336 _atext
_2rdacontent
337 _aunmediated
_2rdamedia
338 _avolume
_2rdacarrier
490 1 _aAmina Banana ;
_v2
520 _aEven though English is an additional language for her, Amina is determined to win the school's spelling bee
586 _aWinner National Book Award
600 1 0 _aBanana, Amina
_c(Fictitious character)
_vJuvenile fiction
650 1 0 _aSpelling bees
_vJuvenile fiction
650 2 0 _aImmigrants
_vJuvenile fiction
650 2 0 _aSchools
_vJuvenile fiction
650 2 0 _aMuslims
_zUnited States
_vJuvenile fiction
651 0 _aSyrian Americans
_vJuvenile fiction
700 1 _aJaleel, Aaliya,
_eillustrator.
830 0 _aAmina banana ;
_v2
942 _2ddc
_cB
999 _c204011
_d204011